MARC

LEADER 00000nam0a2200000 4500
001 112514
005 20231031121454.0
010 |a 5796601652 
020 |a RU  |b 90-1033 
035 |a (RuTPU)RU\TPU\book\121658 
090 |a 112514 
100 |a 20070329d1989 km y0rusy5003 ca 
101 0 |a rus 
102 |a LV 
105 |a y z 001zy 
200 1 |a Задачи оптимального управления для эллиптических уравнений  |e математические вопросы  |f У. Е. Райтум 
210 |a Рига  |c Зинатне  |d 1989 
215 |a 276,[1] с. 
320 |a Библиогр.: с. 266-274 (177 назв.) 
320 |a Предм. указ.: с. 275-276. 
610 1 |a автоматическое управление оптимальное 
610 1 |a дифференциальные уравнения с частными производными эллиптические 
610 1 |a решение 
610 1 |a задачи 
610 1 |a эллиптические уравнения 
610 1 |a эллиптические операторы 
675 |a 517.95  |z rus 
700 1 |a Райтум  |b У. Е.  |g Улдис Еренович  |4 070 
801 0 |a RU  |b RuMRKP  |c 19950417  |g psbo 
801 1 |a RU  |b 63413507  |c 20070329  |g PSBO 
801 2 |a RU  |b 63413507  |c 20080917  |g PSBO 
942 |c BK